Brexit: An Assessment of the Unprecedented Divorce Story and the Long Path to Ex-Membership

Analýza možných vplyvov Brexitu na Spojené kráľovstvo z interdisciplinárneho prístupu, ktorý sa snaží zamerať na pravdepodobné právne, politické a ekonomické následky. Brexit pravdepodobne negatívne ovplyvní Spojené kráľovstvo, hoci sa považuje za jeden z najsilnejších a najbohatších členských štáto...

Descrizione completa

Salvato in:
Dettagli Bibliografici
Autore principale: Kaya, Gozde
Natura: Capitolo di libro
Lingua:inglese
Soggetti:
Tags: Aggiungi Tag
Nessun Tag, puoi essere il primo ad aggiungerne!!

MARC

LEADER 00000naa a2200000 4500
001 0267024
005 20221220134454.9
041 0 |a eng 
044 |a PT 
245 1 0 |a Brexit: An Assessment of the Unprecedented Divorce Story and the Long Path to Ex-Membership  |c Gozde Kaya 
520 |a Analýza možných vplyvov Brexitu na Spojené kráľovstvo z interdisciplinárneho prístupu, ktorý sa snaží zamerať na pravdepodobné právne, politické a ekonomické následky. Brexit pravdepodobne negatívne ovplyvní Spojené kráľovstvo, hoci sa považuje za jeden z najsilnejších a najbohatších členských štátov EÚ. Kontroverzné aspekty a proces vyjednávania medzi Spojeným kráľovstvom a EÚ pred referendom o Brexite. Analýza pravdepodobného dopadu pandémie Covid-19 z hľadiska prebiehajúcich rokovaní strán o určení budúceho obchodného vzťahu. Precedens pre Brexit. 
610 2 0 |a Veľká Británia 
610 2 0 |a Spojené kráľovstvo 
610 2 0 |a Európska únia 
610 2 0 |a prognózy 
610 2 0 |a referendum 
610 2 0 |a politika hospodárska medzinárodná 
610 2 0 |a politika zahraničná 
610 2 0 |a vzťahy hospodárske medzinárodné 
610 2 0 |a kríza 
610 2 0 |a brexit 
100 1 |a Kaya, Gozde